Normal view MARC view
  • Castellano Pérez, Ernesto

Entry Nombre Personal

Number of records used in: 4

001 - NUMERO DE CONTROL

  • campo de control: 44394

003 - IDENTIFICADOR DE NUMERO DE CONTROL

  • campo de control: UPN

005 - FECHA Y HORA DE LA ÜLTIMA TRANSACCIÓN

  • campo de control: 20220509171523.0

008 - DATOS DE LONGITUD FIJA

  • campo de control de longitud fija: 220509n| acnnnaabn | a|a d

040 ## - FUENTE DE CATALOGACIÓN

  • Agencia original de catalogación: MX-MxUPN

100 1# - ENCABEZAMIENTO - NOMBRE PERSONAL

  • Nombre personal: Castellano Pérez, Ernesto

670 ## - FUENTE EN LA QUE SE LOCALIZARON DATOS

  • Cita de la fuente: Orientaciones generales para el funcionamiento de los servicios de educación especial, 2006 :
  • Información localizada: rev. port. (Ernesto Castellano Pérez)